Nghệ thuật & vật lí : Những cái nhìn tương đồng về không gian, thời gian và ánh sáng
সংরক্ষণ করুন:
| প্রধান লেখক: | |
|---|---|
| বিন্যাস: | গ্রন্থ |
| ভাষা: | Undetermined |
| প্রকাশিত: |
Hà Nội
Tri thức
2012
|
| বিষয়গুলি: | |
| ট্যাগগুলো: |
ট্যাগ যুক্ত করুন
কোনো ট্যাগ নেই, প্রথমজন হিসাবে ট্যাগ করুন!
|
| Thư viện lưu trữ: | Trung tâm Học liệu Trường Đại học Cần Thơ |
|---|
| LEADER | 00715nam a2200217Ia 4500 | ||
|---|---|---|---|
| 001 | CTU_180562 | ||
| 008 | 210402s9999 xx 000 0 und d | ||
| 020 | |c 135000 | ||
| 082 | |a 701 | ||
| 082 | |b S555 | ||
| 100 | |a Shlain, Leonard | ||
| 245 | 0 | |a Nghệ thuật & vật lí : | |
| 245 | 0 | |b Những cái nhìn tương đồng về không gian, thời gian và ánh sáng | |
| 245 | 0 | |c Leonard Shlain; Trần, Mạnh Hà, Phạm Văn Thiều (dịch) | |
| 260 | |a Hà Nội | ||
| 260 | |b Tri thức | ||
| 260 | |c 2012 | ||
| 650 | |a Art,Nghệ thuậy | ||
| 650 | |x Philosophy,Vật lý | ||
| 910 | |a Nguyên | ||
| 980 | |a Trung tâm Học liệu Trường Đại học Cần Thơ | ||